000 00468cab a2200181 4500
001 WB2450-04
008 090401t1988 xxu||||| |||| 00| 0 eng d
035 _a(Sirsi) u5421
041 _aeng
245 _aChannel fixed link
260 _c1988
350 _a0
490 _aDTI Newsletter
_vno 22 November 1988 8 pages
520 _aLatest newsletter from the DTI on Channel Tunnel activities.
690 _aBUILT ENVIRONMENT
942 _n0
948 _c04/03/1997
999 _c3225
_d3225